000 00196nam a22000977a 4500
999 _c262977
_d262976
020 _a9780760805428
100 _aPeter Sloan
245 _aClours
260 _aBoston
_bSundance
_c1996
942 _cBK